000 00327nam a2200145Ia 4500
008 150301s2015 xx 000 0 und d
082 _a615.1
_bP10J
100 _aAJAY S. JOSEPH
245 _aPHARMACEUTICAL MARKETING
250 _a1ST
260 _bCBS- DELHI
300 _a156
650 _aPHARMACEUTICS
942 _2ddc
_cBK
999 _c7164
_d7164